<?xml version="1.0" encoding="UTF-8"?>
<collection xmlns="http://www.loc.gov/MARC21/slim">
 <record>
  <leader>00324nab a2200097 c 4500</leader>
  <controlfield tag="001">bibPHI0034607</controlfield>
  <controlfield tag="005">20200924123349.7</controlfield>
  <controlfield tag="008">090624s1905    hu                  hun  </controlfield>
  <datafield tag="245" ind1="0" ind2="3">
   <subfield code="a">Az V. nemzetközi pszichológiai kongresszus</subfield>
   <subfield code="b">könyvismertetés</subfield>
  </datafield>
  <datafield tag="260" ind1=" " ind2=" ">
   <subfield code="a">1905</subfield>
  </datafield>
  <datafield tag="773" ind1="0" ind2=" ">
   <subfield code="t">A Magyar Filozófiai Társaság Közleményei</subfield>
   <subfield code="g">5.1905:17. füzet p. 45-.</subfield>
  </datafield>
 </record>
</collection>
